| 000 | 00697nam a22002055i 4500 | ||
|---|---|---|---|
| 001 | 159207 | ||
| 003 | ES-MaACL | ||
| 005 | 20230906211504.0 | ||
| 008 | 040908s1896 gw |||| | fre d | ||
| 040 |
_aCAM _bspa _cCAM |
||
| 100 | 1 |
_aMauron, A. _9129747 |
|
| 245 | 1 | 0 |
_aCorrigé des thèmes contenus dans la grammaire anglaise / _cpar A. Mauron. |
| 250 |
_a3e éd. rev. et corr. _bpar Paul Verrier. |
||
| 260 |
_aHeildelberg [etc.] : _bJules Gross [etc.], _c1896. |
||
| 300 |
_a48 p. ; _c20 cm. |
||
| 594 | _aPrecede al tít.: Méthode Gaspey-Otto-Sauer. | ||
| 650 | 0 | 4 |
_aLengua inglesa- _xGramática. _914277 |
| 700 | 1 |
_aVerrier, Paul. _9133651 |
|
| 852 |
_aES-MaACL _jB-9273 _z-- Enc. hol. |
||
| 999 |
_c159207 _d159207 |
||